[Event "Krefeld op"]
[Site "Krefeld"]
[Date "2023.08.05"]
[Round "7"]
[White "Memmeler, Bjoern"]
[Black "Siol, Juergen"]
[Result "1/2-1/2"]
[WhiteElo "1516"]
[BlackElo "1675"]
[PlyCount "55"]
[EventDate "2023.08.02"]
[EventType "swiss"]
[EventRounds "9"]
[EventCountry "GER"]
[SourceTitle "CBM 215 Extra"]
[Source "ChessBase"]
[SourceDate "2023.09.30"]
[SourceVersion "1"]
[SourceVersionDate "2023.09.30"]
[SourceQuality "1"]

1. Nf3 c5 2. c4 g6 3. Nc3 Bg7 4. g3 Nc6 5. Bg2 Nf6 6. 0-0 0-0 7. Rb1 d6 8. a3 a5 9. d3 Bg4 10. h3 Bd7 11. Bd2 Ne8 12. Qc1 f5 13. Bh6 e6 14. Bxg7 Kxg7 15. Nb5 Ra6 16. d4 e5 17. dxe5 dxe5 18. Rd1 Qe7 19. Qd2 Be6 20. b3 a4 21. Nd6 e4 22. Nxe8+ Rxe8 23. Qb2+ Kg8 24. Nd2 Rb6 25. Qc3 Nd4 26. Bf1 Ra8 27. e3 Nc6 28. bxa4 1/2-1/2

[Event "Krefeld op"]
[Site "Krefeld"]
[Date "2023.08.02"]
[Round "1"]
[White "Macarie, Paul Andrei"]
[Black "Memmeler, Bjoern"]
[Result "1-0"]
[WhiteElo "1863"]
[BlackElo "1516"]
[PlyCount "63"]
[EventDate "2023.08.02"]
[EventType "swiss"]
[EventRounds "9"]
[EventCountry "GER"]
[SourceTitle "CBM 215 Extra"]
[Source "ChessBase"]
[SourceDate "2023.09.30"]
[SourceVersion "1"]
[SourceVersionDate "2023.09.30"]
[SourceQuality "1"]

1. f4 d5 2. Nf3 Nf6 3. e3 e6 4. b3 Bc5 5. Bb2 0-0 6. c4 Nc6 7. Nc3 a6 8. Qb1 d4 9. Na4 Ba7 10. e4 b5 11. cxb5 axb5 12. Bxb5 Nb4 13. a3 Ba6 14. Bxa6 Nxa6 15. Qd3 Qc8 16. Rc1 Qb7 17. e5 Qe4+ 18. Qxe4 Nxe4 19. Rc6 Nec5 20. Nxc5 Nxc5 21. Bxd4 Nxb3 22. Bxa7 Rxa7 23. Ke2 Rd8 24. Rc3 Na5 25. Rb1 Kf8 26. Rc5 Rd5 27. Rxd5 exd5 28. d3 Ke7 29. Rb8 h5 30. Nd4 g6 31. Rb5 c6 32. Rxa5 1-0

[Event "Eschborn op"]
[Site "Eschborn"]
[Date "2017.10.15"]
[Round "4"]
[White "Memmeler, Bjoern"]
[Black "Porstendoerfer, Yannik"]
[Result "1-0"]
[WhiteElo "1395"]
[BlackElo "1427"]
[PlyCount "93"]
[EventDate "2017.10.13"]
[EventType "swiss"]
[EventRounds "5"]
[EventCountry "GER"]
[SourceTitle "EXT 2019"]
[Source "ChessBase"]
[SourceDate "2018.10.10"]
[SourceVersion "1"]
[SourceVersionDate "2018.10.10"]
[SourceQuality "1"]

1. Nf3 d5 2. c4 Nf6 3. cxd5 Bg4 4. Qa4+ Qd7 5. Qb3 Qxd5 6. Qxd5 Nxd5 7. Ne5 Bd7 8. a3 Nc6 9. Nxd7 Kxd7 10. e3 e5 11. Bc4 Nce7 12. 0-0 f6 13. b4 Rd8 14. Bb2 Nb6 15. Bb3 Kc8 16. d4 exd4 17. Bxd4 Nf5 18. Be6+ Kb8 19. Bxf5 g6 20. Be6 Bg7 21. Nd2 Rhe8 22. Bb3 f5 23. Bxg7 Rxd2 24. Rfd1 Rb2 25. Rab1 Rxb1 26. Rxb1 Re7 27. Bf6 Rd7 28. Rd1 Rxd1+ 29. Bxd1 Nc4 30. a4 Nb6 31. Bb3 h6 32. Bf7 Nd7 33. Bg7 Nf6 34. Bxf6 c5 35. bxc5 b6 36. cxb6 f4 37. bxa7+ Kxa7 38. e4 f3 39. gxf3 h5 40. e5 g5 41. e6 g4 42. e7 h4 43. e8Q h3 44. Bd4+ Kb7 45. Bd5+ Kc7 46. Qc6+ Kd8 47. Bf6# 1-0

[Event "Eschborn op"]
[Site "Eschborn"]
[Date "2017.10.14"]
[Round "1"]
[White "Schneider, Johannes"]
[Black "Memmeler, Bjoern"]
[Result "1-0"]
[WhiteElo "1858"]
[BlackElo "1395"]
[PlyCount "117"]
[EventDate "2017.10.13"]
[EventType "swiss"]
[EventRounds "5"]
[EventCountry "GER"]
[SourceTitle "EXT 2019"]
[Source "ChessBase"]
[SourceDate "2018.10.10"]
[SourceVersion "1"]
[SourceVersionDate "2018.10.10"]
[SourceQuality "1"]

1. e4 c5 2. Nf3 d6 3. c3 Nc6 4. d4 cxd4 5. cxd4 Nf6 6. Nc3 g6 7. Be2 Bg7 8. 0-0 0-0 9. d5 Ne5 10. Nxe5 dxe5 11. Be3 Nd7 12. Qd2 a6 13. Rac1 b5 14. a3 Nb6 15. h4 Nc4 16. Bxc4 bxc4 17. Qe2 e6 18. h5 exd5 19. Nxd5 Be6 20. Nb6 Rb8 21. Nxc4 Qh4 22. b4 Bg4 23. f3 Be6 24. h6 Bxc4 25. Rxc4 Bxh6 26. Bxh6 Qxh6 27. Rc5 Rb5 28. Rd1 Qg5 29. Qd2 Qxd2 30. Rxd2 Rxc5 31. bxc5 Rc8 32. Rd5 f6 33. Kf2 h5 34. Rd6 Kf7 35. Rd5 g5 36. a4 Rb8 37. Rd6 Rb2+ 38. Kg3 Rc2 39. Rxa6 Rxc5 40. a5 Rc2 41. Ra7+ Kg6 42. a6 Ra2 43. Ra8 Kh7 44. Kh3 Ra3 45. Ra7+ Kg8 46. Kg3 Ra2 47. Kh2 Ra3 48. Kg1 Ra1+ 49. Kf2 Ra2+ 50. Kg3 Ra3 51. Ra8+ Kg7 52. a7 Kh7 53. Kf2 Ra2+ 54. Ke3 Ra4 55. Kd3 Ra1 56. Kc4 Rc1+ 57. Kd5 Kg7 58. Rb8 Rd1+ 59. Ke6 1-0

[Event "Karl Mala Memorial op 10th"]
[Site "Griesheim"]
[Date "2006.07.23"]
[Round "7"]
[White "Memmeler, Bjoern"]
[Black "Kitzler, Gerhard"]
[Result "0-1"]
[WhiteElo "1375"]
[BlackElo "1145"]
[PlyCount "42"]
[EventDate "2006.07.20"]
[EventType "swiss"]
[EventRounds "7"]
[EventCountry "GER"]
[SourceTitle "CBM 113 Extra"]
[Source "ChessBase"]
[SourceDate "2006.09.14"]
[SourceVersion "1"]
[SourceVersionDate "2006.09.14"]
[SourceQuality "1"]

1. d4 Nf6 2. c4 e5 3. dxe5 Ng4 4. Nf3 Bc5 5. e3 Qe7 6. Bd2 Nxe5 7. Nxe5 Qxe5 8. Bc3 Qg5 9. Qf3 0-0 10. Bd3 Re8 11. 0-0 d6 12. Bd2 Nc6 13. Bc3 Qg4 14. Qxg4 Bxg4 15. Nd2 Ne5 16. Be4 Nxc4 17. Bxh7+ Kxh7 18. Nxc4 Be2 19. Na5 Bxf1 20. Nxb7 Bc4 21. Nxc5 dxc5 0-1